000 00618nam a22001937a 4500
005 20251108164305.0
008 250721s1991 xx 000 0 ara d
082 1 4 _a811.5/نبا
100 1 _aالنباجي، أبو مرزوق عبد الله بن إبراهيم
245 1 0 _aديوان النباجي /
264 1 _aالقاهرة :
_bمكتبة الآداب،
_c1991.
300 _a87ص.
500 _aنص نادر ينشر لأول مرة
650 1 7 _aالشعر العربي
650 1 7 _aالعصر الأندلسي
700 1 _aطاهر، حامد
_eتحقيق
942 _2ddc
_cBK
999 _c8498
_d8498